00651nam a22001817a 450000500170000001000150001702000260003203500130005803700130007108200170008424500900010126000320019127000780022330000260030149000720032750000500039970000200044920150810124749.0 aENG-113592 a9781138020245c750.00 aEN-97124 bDBAD/PUB a305.56880954 aDalits in neoliberal India :cedited by Clarinda Stillbmobility or marginalisation / aNew DelhibRoutledge c2014 a912 Tolstoy House, 15-17 Tolstoy Marg, Connaught PlacebNew Delhie110001 axviii,272p.c23cm(Hb) aExploring the political in South Asia ; edited by Mukulika Banerjee aIncludes bibliographical references and index aStill, Clarinda